Ung thư căn bệnh thế kỷ

Ung thư - căn bệnh của thế kỷ đã và đang gây bao nỗi đau khổ nhức nhối, gieo rắc tang thương cho nhân loại. Ung thư - kẻ vẫn được mệnh danh là bản án của tử thần, kẻ giết người nguy hiểm trong suốt lịch sử loài người, hàng năm đã gây ra...

Πλήρης περιγραφή

Αποθηκεύτηκε σε:
Λεπτομέρειες βιβλιογραφικής εγγραφής
Κύριος συγγραφέας: Nguyễn Thanh Đạm
Μορφή: Βιβλίο
Γλώσσα:Vietnamese
Έκδοση: H. Y học 2010
Θέματα:
Ετικέτες: Προσθήκη ετικέτας
Δεν υπάρχουν, Καταχωρήστε ετικέτα πρώτοι!
Thư viện lưu trữ: Thư viện Trường Đại học Nam Cần Thơ
LEADER 01784nam a22002537a 4500
001 NCT_28774
008 180412b xxu||||| |||| 00| 0 vie d
999 |c 1382  |d 1382 
020 |c 216000 
082 0 4 |2 23rd ed.  |a 616.994  |b Đ104 
100 1 |a Nguyễn Thanh Đạm 
245 |a Ung thư căn bệnh thế kỷ  |c Nguyễn Thanh Đạm 
260 |a H.  |b Y học  |c 2010 
300 |a 987tr.  |c 24cm 
520 3 |a Ung thư - căn bệnh của thế kỷ đã và đang gây bao nỗi đau khổ nhức nhối, gieo rắc tang thương cho nhân loại. Ung thư - kẻ vẫn được mệnh danh là bản án của tử thần, kẻ giết người nguy hiểm trong suốt lịch sử loài người, hàng năm đã gây ra cái chết của hàng triệu người trên hành tinh chúng ta. 
653 |a Y đa khoa 
653 |a Dược học 
942 |2 ddc  |c BK 
952 |0 0  |1 0  |2 ddc  |4 0  |6 616_994000000000000_Đ104  |7 0  |9 6801  |a 000001  |b 000001  |d 2018-04-12  |o 616.994 Đ104  |p MD.10805  |r 2018-04-12  |v 216000.00  |w 2018-04-12  |y BK 
952 |0 0  |1 0  |2 ddc  |4 0  |6 616_994000000000000_Đ104  |7 0  |9 6802  |a 000001  |b 000001  |d 2018-04-12  |o 616.994 Đ104  |p MD.12056  |r 2018-04-12  |v 216000.00  |w 2018-04-12  |y BK 
952 |0 0  |1 0  |2 ddc  |4 0  |6 616_994000000000000_Đ104  |7 0  |9 6803  |a 000001  |b 000001  |d 2018-04-12  |o 616.994 Đ104  |p MD.12057  |r 2018-04-12  |v 216000.00  |w 2018-04-12  |y BK 
952 |0 0  |1 0  |2 ddc  |4 0  |6 616_994000000000000_Đ104  |7 0  |9 6804  |a 000001  |b 000001  |d 2018-04-12  |o 616.994 Đ104  |p MD.12058  |r 2018-04-12  |v 216000.00  |w 2018-04-12  |y BK 
952 |0 0  |1 0  |2 ddc  |4 0  |6 616_994000000000000_Đ104  |7 0  |9 6805  |a 000001  |b 000001  |d 2018-04-12  |o 616.994 Đ104  |p MD.12059  |r 2018-04-12  |v 216000.00  |w 2018-04-12  |y BK 
980 |a Thư viện Trường Đại học Nam Cần Thơ